| 000 | 01723nam0a2200373 4500 | ||
|---|---|---|---|
| 001 | RU\NLR\bibl\1006232 | ||
| 005 | 20260406073951.0 | ||
| 010 |
_a5-17-035788-5 _93000 |
||
| 021 |
_aRU _b2006-60465 _93004 |
||
| 035 | _a(nilc)RSL-KNO-002953112 | ||
| 035 | _a(NLR Aleph) 000993891 | ||
| 090 |
_a535995 _c535995 |
||
| 100 | _a20061009d2006 |||y0rusy50 ca | ||
| 101 | 0 | _arus | |
| 102 | _aRU | ||
| 105 | _aa ||||||||| | ||
| 106 | _ar | ||
| 200 | 1 |
_aКак определить, курит ли ваш ребенок? _fЕ. А. Андреева |
|
| 210 |
_aМосква _cАСТ _d2006 |
||
| 215 |
_a94, [1] с. _cил. _d20 |
||
| 606 | 1 |
_aДети _jПопулярные издания _xКурение _xПрофилактика _92309771 _3RU\NLR\auth\661382409 |
|
| 610 | 0 | _aКультура. Наука. Просвещение -- Народное образование. Педагогические науки -- Семейное воспитание -- Теория и практика семейного воспитания -- Российская Федерация -- Воспитание -- Виды воспитания -- Физическое воспитание -- Гигиеническое воспитание | |
| 610 | 0 | _aвредные привычки | |
| 610 | 0 | _aкурение | |
| 686 |
_aЧ491,6(2)354.1,0 _2rubbk |
||
| 686 | _aР128.387я9 | ||
| 700 | 1 |
_4070 _8rus _7ca _aАндреева _bЕ. А. _cпопуляризатор _gЕкатерина Алексеевна _3RU\NLR\auth\7732599 _915607 |
|
| 801 | 0 |
_aRU _bРКП _c20061009 _grcr |
|
| 801 | 1 |
_aRU _bРГБ _c20061009 |
|
| 801 | 2 |
_aRU _bNLR _c20061113 _grcr |
|
| 942 | _cBOOK | ||
| 980 | _aNB | ||